LEADER 01129naa a2200205 u 4500 001 000000099763 003 CaOOAMICUS 005 20070226130200.0 008 051006s2002 it u000 u ger u 035 $a11062072 040 $aIAR$bita 100 1 $aMiethke, Jürgen.$0(OLS)http://pul/name/15579 245 10$a[Recensione :] Meister Eckhart: Die deutschen und lateinischen Werke. Die lateinischen Werke Bd.V,8.Lief.: Acta Echardiana. Magistri Echardi responsio ad articulos sibi impositos de scriptis et dictis suis /$cJürgen Miethke. 260 $aBologna :$bEd. Dehoniane,$c2002. 300 $aS. 527-530 ;$c22 cm 730 0 $aCristianesimo nella storia$g[Spogli].$0(OLS)http://pul/title/7312 773 0 $aCristianesimo nella storia ;.$tvol. XXIII (2002) 773 0 $tCristianesimo nella storia$w()5012 996 $6245$a[Recensione :] Meister Eckhart: Die deutschen und lateinischen Werke. Die lateinischen Werke Bd.V,8.Lief.: Acta Echardiana. Magistri Echardi responsio ad articulos sibi impositos de scriptis et dictis suis$9(OLS)http://pul/title/126642 996 $6260$aBologna :$bEd. Dehoniane$9(OLS)http://pul/publisher/48282 LEADER 01304nam a2200289 a 4500 001 000000146077 003 CaOOAMICUS 005 20150928140221.0 008 150928s2015 fr u000 u fre r 020 $a978-2-204-10041-0 040 $aPUL$bita 100 1 $aPoulet, Frédérique.$0(OLS)http://pul/name/93481 245 10$aCélébrer l'Eucharistie après Auschwitz :$bpenser la théodicée sur un mode sacramentel /$cFrédérique Poulet ; préface de Joris Geldhof. 260 $aParis :$bCerf,$c2015. 300 $a373 p. ;$c22 cm 490 1 $aCogitatio fidei ;$v295 500 $aSul front.: Ouvrage ayant reçu le prix Jean et Maurice de Pange 2011. 504 $aBibliografia in nota. 650 4$aTeodicea.$0(OLS)http://pul/subject/5640 830 0$aCogitatio fidei ;$v295.$0(OLS)http://pul/title/876 850 $aPUL 852 $aPUL$W1$xSL Religione 2$y84$mTheol A13 295$j168993$qStampati Altre Collocazioni$q $B169729$CPULBib$Z2$F169729 $H126259 $81 941 1 $a10 996 $6020$a978-2-204-10041-0$9(OLS)http://pul/number/158724 996 $6245$aCélébrer l'Eucharistie après Auschwitz :$bpenser la théodicée sur un mode sacramentel$9(OLS)http://pul/title/184672 996 $6260$aParis :$bCerf$9(OLS)http://pul/publisher/48238